Top 10 Strongest JJK Characters Ranked - Statistics

General Stats
  • This quiz has been taken 198 times
  • The average score is 7 of 10
Answer Stats
Hint Answer % Correct
4. Satoru Gojo
100%
1. Itadori Yuji
98%
2. Ryomen Sukuna
95%
7. Yuta Okkotsu
86%
6. Kenjaku
73%
10. Hakari Kinji
56%
5. Kashimo Hajime
53%
3. Dabura Karaba
46%
9. Ryu Ishigori
31%
8. Yorozu
20%
No matching quizzes found
Score Distribution
Percent of People with Each Score
Percentile by Number Answered
Your Score History
You have not taken this quiz